[Event "zonal 3.4 (w)"]
[Site "Osh KGZ"]
[Date "2013.06.07"]
[Round "1"]
[White "Antonova, Nadezhda"]
[Black "Muminova, Nafisa"]
[Result "0-1"]
[WhiteElo "1929"]
[BlackElo "2321"]
[EventDate "2013.06.07"]
[PlyCount "72"]

1.d4 Nf6 2.Nf3 d5 3.e3 c5 4.Bd3 Nc6 5.b3 Bg4 6.Bb2 cxd4 7.exd4 e6 8.Nbd2 
Bd6 9.O-O O-O 10.a3 Rc8 11.Qe2 Qc7 12.h3 Bh5 13.Rae1 Bf4 14.g4 Bg6 15.c4 
dxc4 16.bxc4 Rfd8 17.Rc1 Qd7 18.Rfd1 Bxd3 19.Qxd3 e5 20.d5 Re8 21.Qf1 Na5 
22.Re1 e4 23.Bxf6 exf3 24.Bc3 Rxe1 25.Rxe1 Bxd2 26.Bxd2 Nxc4 27.Qd3 Nxd2 
28.Qxd2 h5 29.Qg5 hxg4 30.hxg4 Rc4 31.Kh2 Rxg4 32.Re8+ Qxe8 33.Qxg4 Qe5+ 
34.Kh3 Qxd5 35.Kg3 Qd6+ 36.Kxf3 Qd1+ 0-1

[Event "zonal 3.4 (w)"]
[Site "Osh KGZ"]
[Date "2013.06.07"]
[Round "1"]
[White "Nakhbaeva, Guliskhan"]
[Black "Nasriddinzoda, Marvorii"]
[Result "1-0"]
[WhiteElo "2339"]
[BlackElo "2017"]
[EventDate "2013.06.07"]
[PlyCount "115"]

1.d4 Nf6 2.c4 e6 3.Nc3 b6 4.e4 Bb7 5.Bd3 d6 6.Nf3 Nbd7 7.O-O Be7 8.Re1 e5 
9.Nd5 O-O 10.b3 Nxd5 11.cxd5 c5 12.dxc6 Bxc6 13.Bb2 Bf6 14.d5 Bb7 15.b4 a6
16.Qe2 g6 17.Nd2 Bg5 18.Nc4 Qe7 19.a4 Rfb8 20.h3 Bc8 21.Bc1 Bxc1 22.Rexc1 
a5 23.Rab1 axb4 24.Rxb4 Ba6 25.Rcb1 Nc5 26.Qd1 Qd7 27.Rxb6 Qc7 28.Rc6 Qa7 
29.Rc1 Bxc4 30.Rxc4 Nxa4 31.Qf3 Qe7 32.Rc7 Qf8 33.Qf6 Rd8 34.R4c6 Nc5 35.
Rxc5 dxc5 36.Qxe5 Rac8 37.Ra7 c4 38.Bc2 Qd6 39.Qg5 Ra8 40.Rxa8 Rxa8 41.g3 
f6 42.Qd2 Ra2 43.Qc3 Qa3 44.Qxf6 Rxc2 45.d6 Qa7 46.Qd8+ Kf7 47.Qc7+ Qxc7 
48.dxc7 Re2 49.c8=Q Rxe4 50.Qb7+ Re7 51.Qd5+ Kg7 52.Qxc4 Rd7 53.Kg2 Rf7 
54.Qd4+ Kf8 55.h4 h5 56.Qh8+ Ke7 57.f4 Ke6 58.Qe8+ 1-0

[Event "zonal 3.4 (w)"]
[Site "Osh KGZ"]
[Date "2013.06.08"]
[Round "2"]
[White "Atabaeva, Ogulgerek"]
[Black "Velieva, Hurma"]
[Result "1-0"]
[WhiteElo "1994"]
[BlackElo "1995"]
[EventDate "2013.06.07"]
[PlyCount "75"]

1.e4 c5 2.Nf3 Nc6 3.d4 cxd4 4.Nxd4 Nf6 5.Nc3 e5 6.Ndb5 d6 7.Bg5 a6 8.Na3 
b5 9.Nd5 Be7 10.Bxf6 Bxf6 11.c3 O-O 12.Nc2 Bg5 13.a4 bxa4 14.Rxa4 a5 15.
Bc4 Rb8 16.b3 g6 17.O-O Bh6 18.Qd3 Kh8 19.Nce3 f5 20.Rfa1 fxe4 21.Qxe4 Bf5
22.Nxf5 gxf5 23.Qe2 e4 24.Bb5 Ne5 25.Rxa5 Qg5 26.Kh1 Rg8 27.f4 exf3 28.
gxf3 Qh4 29.Rf1 Rg3 30.Qf2 f4 31.Be2 Bg5 32.Ne3 Rf8 33.b4 Qh5 34.Ng4 Nxg4 
35.fxg4 Qh6 36.Rxg5 Rxc3 37.Qd4+ Qf6 38.Rxf4 1-0

[Event "zonal 3.4 (w)"]
[Site "Osh KGZ"]
[Date "2013.06.08"]
[Round "2"]
[White "Kurbonboeva, Sarvinoz"]
[Black "Nakhbaeva, Guliskhan"]
[Result "0-1"]
[WhiteElo "2097"]
[BlackElo "2339"]
[EventDate "2013.06.07"]
[PlyCount "112"]

1.c4 e5 2.Nc3 Nf6 3.g3 d5 4.cxd5 Nxd5 5.Bg2 Nb6 6.Nf3 Nc6 7.O-O Be7 8.d3 
O-O 9.Be3 Be6 10.Rc1 Nd5 11.Nxd5 Bxd5 12.a3 a5 13.Qa4 Bf6 14.Nd2 Bxg2 15.
Kxg2 Be7 16.Qb5 Qc8 17.Rc4 Rb8 18.Nb3 Ra8 19.Ra4 Ra6 20.Rc1 Bd6 21.Bc5 Qa8
22.Kg1 h6 23.Rc3 Na7 24.Bxa7 c6 25.Rxc6 Rxc6 26.Rxa5 Ra6 27.Be3 Rc8 28.
Rxa6 bxa6 29.Qb6 Rc6 30.Qa5 Rc2 31.Nc1 Rxb2 32.Qc3 Qb7 33.f3 Rb1 34.Kf2 
Qc7 35.Qd2 Bxa3 36.Na2 Rb2 37.Qc3 Qxc3 38.Nxc3 Rc2 39.Na4 Bb4 40.f4 exf4 
41.gxf4 f5 42.Bd4 a5 43.Bb2 Bd2 44.Kf3 Bc1 45.Be5 Bd2 46.Bb2 Rc7 47.Bd4 
Kf7 48.h4 Rc2 49.Bb2 h5 50.e4 Be1 51.e5 Bxh4 52.d4 Ke6 53.Bc3 Ra2 54.Nc5+ 
Kd5 55.Ke3 Ra3 56.Kd3 Be1 0-1

[Event "zonal 3.4 (w)"]
[Site "Osh KGZ"]
[Date "2013.06.08"]
[Round "2"]
[White "Mominova, Leyla"]
[Black "Yalkanova, Merjen"]
[Result "0-1"]
[WhiteElo "1923"]
[BlackElo "1961"]
[EventDate "2013.06.07"]
[PlyCount "84"]

1.e4 c6 2.d4 d5 3.Nc3 dxe4 4.Nxe4 Nd7 5.Nf3 Ngf6 6.Ng3 e6 7.Bd3 c5 8.c3 
cxd4 9.Nxd4 Bc5 10.O-O O-O 11.Qe2 Re8 12.Nb3 Bb6 13.Rd1 Qc7 14.Be3 e5 15.
Bc2 Nf8 16.h3 Be6 17.Nf5 Ng6 18.Rd2 Nd5 19.Bxb6 Qxb6 20.Rad1 Ndf4 21.Qe4 
Bxf5 22.Qxf5 Re6 23.Qe4 Rf6 24.Kh2 Re8 25.Qa4 Rf8 26.Qa3 Ne6 27.f3 Ngf4 
28.Na5 Rh6 29.Nc4 Qc7 30.Nd6 Ng5 31.Nf5 Re6 32.Rd7 Qb6 33.R7d2 g6 34.Ne7+ 
Kg7 35.c4 Qc7 36.Rd7 Qxc4 37.Bb3 Qe2 38.R1d2 Nxf3+ 39.Kh1 Nxd2 40.Rxd2 
Qxd2 41.Bd5 Nxd5 42.Nxd5 Qxd5 0-1

[Event "zonal 3.4 (w)"]
[Site "Osh KGZ"]
[Date "2013.06.08"]
[Round "2"]
[White "Muminova, Nafisa"]
[Black "Gevorgyan, Irina"]
[Result "1-0"]
[WhiteElo "2321"]
[BlackElo "2153"]
[EventDate "2013.06.07"]
[PlyCount "95"]

1.e4 c6 2.d4 d5 3.Nd2 dxe4 4.Nxe4 Bf5 5.Ng3 Bg6 6.h4 h6 7.Nf3 Nd7 8.h5 Bh7
9.Bd3 Bxd3 10.Qxd3 e6 11.Bd2 Ngf6 12.O-O-O Be7 13.Ne4 Nxe4 14.Qxe4 Nf6 15.
Qd3 c5 16.Qb5+ Qd7 17.Qxd7+ Nxd7 18.Be3 Rc8 19.Kb1 Nf6 20.Ne5 Nd5 21.Bc1 
cxd4 22.Rxd4 O-O 23.c4 Bc5 24.Rdd1 Nf6 25.f3 Rfd8 26.b3 a6 27.g4 b5 28.
Rxd8+ Rxd8 29.Kc2 Rc8 30.Bb2 Be3 31.Rd1 Bg5 32.Rd6 Nd5 33.a3 a5 34.Bd4 
bxc4 35.bxc4 Ne7 36.Kd3 Bf4 37.Rd7 Kf8 38.Rb7 Ke8 39.Bc3 a4 40.Bb4 Bg5 41.
Bd6 Nc6 42.Nxc6 Rxc6 43.c5 Bc1 44.Re7+ Kd8 45.Rxf7 Bxa3 46.Kc4 Ke8 47.Rxg7
Bb2 48.Re7+ 1-0

[Event "zonal 3.4 (w)"]
[Site "Osh KGZ"]
[Date "2013.06.08"]
[Round "2"]
[White "Shyngys Kyzy, Aijarkyn"]
[Black "Antonova, Nadezhda"]
[Result "0-1"]
[WhiteElo "1777"]
[BlackElo "1929"]
[EventDate "2013.06.07"]
[PlyCount "52"]

1.d4 Nf6 2.Nf3 g6 3.c4 Bg7 4.Nc3 O-O 5.g3 d6 6.Bg2 Nc6 7.O-O a6 8.b3 Rb8 
9.Bb2 b5 10.Ng5 Bd7 11.cxb5 axb5 12.d5 Ne5 13.Rc1 Ne8 14.Qd2 e6 15.f4 Ng4 
16.dxe6 fxe6 17.Nce4 Ne3 18.Qxe3 Bxb2 19.Rc2 Bg7 20.Bh3 Qe7 21.Nxe6 c5 22.
f5 Bxe6 23.f6 Bxh3 24.f7+ Rxf7 25.Rxf7 Qxf7 26.Rc1 Bd4 0-1

[Event "zonal 3.4 (w)"]
[Site "Osh KGZ"]
[Date "2013.06.09"]
[Round "3"]
[White "Antonova, Nadezhda"]
[Black "Nasriddinzoda, Marvorii"]
[Result "1-0"]
[WhiteElo "1929"]
[BlackElo "2017"]
[EventDate "2013.06.07"]
[PlyCount "71"]

1.d4 d6 2.Nf3 Nf6 3.c4 Nbd7 4.Nc3 e5 5.e4 Be7 6.Be2 O-O 7.O-O a5 8.b3 exd4
9.Nxd4 Nc5 10.Qc2 c6 11.Be3 Re8 12.Rad1 Bf8 13.Nxc6 Qc7 14.Nd4 Ncxe4 15.
Nxe4 Nxe4 16.Bf3 Nc5 17.Nb5 Qb8 18.Rd2 Bd7 19.Bxc5 Bxb5 20.Ba3 Bc6 21.Bd5 
Qc7 22.Rfd1 Rad8 23.Rd3 g6 24.Qd2 a4 25.h4 axb3 26.axb3 Re5 27.Bb2 Bg7 28.
Bxe5 Bxe5 29.h5 Qe7 30.hxg6 hxg6 31.Rh3 Bxd5 32.Qxd5 b6 33.Re3 Rc8 34.f4 
Qh4 35.fxe5 Qg5 36.Rf3 1-0

[Event "zonal 3.4 (w)"]
[Site "Osh KGZ"]
[Date "2013.06.09"]
[Round "3"]
[White "Gevorgyan, Irina"]
[Black "Atabaeva, Ogulgerek"]
[Result "1-0"]
[WhiteElo "2153"]
[BlackElo "1994"]
[EventDate "2013.06.07"]
[PlyCount "87"]

1.Nf3 c5 2.c4 Nc6 3.d4 cxd4 4.Nxd4 e5 5.Nb5 d6 6.N1c3 a6 7.Na3 f5 8.g3 Nf6
9.Bg2 Be6 10.O-O e4 11.f3 exf3 12.exf3 d5 13.Re1 Kf7 14.cxd5 Nxd5 15.Nxd5 
Qxd5 16.Be3 Bb4 17.Re2 Rhd8 18.Qxd5 Bxd5 19.f4 Bxg2 20.Kxg2 Rd3 21.Nc4 b5 
22.Ne5+ Nxe5 23.fxe5 Ke6 24.Rc1 Rd5 25.Bf4 h6 26.Rc6+ Ke7 27.h4 a5 28.Rec2
Rad8 29.Rg6 Kf7 30.h5 Rc5 31.Re2 Rcd5 32.e6+ Kf8 33.a3 Bc5 34.Be5 Rd2 35.
Bxg7+ Ke8 36.Rxd2 Rxd2+ 37.Kf1 Bf8 38.Bc3 Rh2 39.Rg8 Rxh5 40.Bf6 Rg5 41.
Bxg5 hxg5 42.Rxg5 Ke7 43.Rxf5 Bh6 44.Rxb5 1-0

[Event "zonal 3.4 (w)"]
[Site "Osh KGZ"]
[Date "2013.06.09"]
[Round "3"]
[White "Nakhbaeva, Guliskhan"]
[Black "Muminova, Nafisa"]
[Result "1/2-1/2"]
[WhiteElo "2339"]
[BlackElo "2321"]
[EventDate "2013.06.07"]
[PlyCount "83"]

1.d4 Nf6 2.c4 e6 3.Nc3 Bb4 4.e3 O-O 5.Bd3 c5 6.Nf3 d5 7.O-O cxd4 8.exd4 
dxc4 9.Bxc4 Nbd7 10.Bg5 Be7 11.Qe2 Nb6 12.Bb3 Bd7 13.Ne5 Be8 14.Rad1 Nfd5 
15.Bxe7 Nxe7 16.Qe4 Nbd5 17.Bxd5 Nxd5 18.Nxd5 Qxd5 19.Qxd5 exd5 20.Ng4 f6 
21.Ne3 Bf7 22.Rc1 Rfc8 23.Nf5 Kf8 24.Nd6 Rxc1 25.Rxc1 Bg6 26.f3 Rd8 27.
Nxb7 Re8 28.Kf2 Bd3 29.Kg3 Re2 30.Rc8+ Kf7 31.Rc7+ Kg6 32.Nc5 Bf5 33.Rxa7 
h5 34.h4 Rd2 35.b4 Rxd4 36.b5 Rb4 37.a4 d4 38.Ne4 d3 39.Kf2 Bxe4 40.fxe4 
Rxe4 41.a5 Re5 42.b6 1/2-1/2

[Event "zonal 3.4 (w)"]
[Site "Osh KGZ"]
[Date "2013.06.09"]
[Round "3"]
[White "Velieva, Hurma"]
[Black "Shyngys Kyzy, Aijarkyn"]
[Result "0-1"]
[WhiteElo "1995"]
[BlackElo "1777"]
[EventDate "2013.06.07"]
[PlyCount "62"]

1.e4 e5 2.Nf3 Nf6 3.d3 Nc6 4.Nc3 Bb4 5.Bd2 O-O 6.Be2 d5 7.exd5 Nxd5 8.Nxd5
Bxd2+ 9.Qxd2 Qxd5 10.O-O Bg4 11.Rfe1 Rad8 12.Qg5 f5 13.h3 Bxf3 14.Bxf3 Qb5
15.Bxc6 Qxc6 16.Rxe5 Qxc2 17.Rae1 Qxb2 18.Rxf5 Qxa2 19.Re7 Qa1+ 20.Kh2 Qd4
21.Rxf8+ Rxf8 22.Qg3 Rxf2 23.Rxc7 h6 24.Rxb7 Rf1 25.Qb8+ Kh7 26.Rb2 Qg1+ 
27.Kg3 Qe3+ 28.Kh2 Qe1 29.g4 Rh1+ 30.Kg2 Qf1+ 31.Kg3 Rxh3# 0-1

[Event "zonal 3.4 (w)"]
[Site "Osh KGZ"]
[Date "2013.06.09"]
[Round "3"]
[White "Yalkanova, Merjen"]
[Black "Kurbonboeva, Sarvinoz"]
[Result "0-1"]
[WhiteElo "1961"]
[BlackElo "2097"]
[EventDate "2013.06.07"]
[PlyCount "64"]

1.d4 Nf6 2.e3 g6 3.Nf3 Bg7 4.b3 O-O 5.Bb2 d5 6.Bd3 Nbd7 7.Nbd2 c5 8.O-O b6
9.c4 Bb7 10.Ne5 dxc4 11.Ndxc4 b5 12.Na3 cxd4 13.Nxd7 Qxd7 14.Bxb5 Qd5 15.
f3 dxe3 16.Qe2 Rad8 17.Qxe3 Ng4 18.Qe2 Bxb2 19.Qxb2 Ne3 20.Rfe1 Nxg2 21.
Qxg2 Qc5+ 22.Qf2 Qxa3 23.Bc4 Rd7 24.Rad1 Rfd8 25.Rxd7 Rxd7 26.Qe3 Qd6 27.
Qxa7 Bxf3 28.Qe3 Bb7 29.Qh6 Qc5+ 30.Re3 Rd1+ 31.Bf1 Ba6 32.Kg2 Bxf1+ 0-1

[Event "zonal 3.4 (w)"]
[Site "Osh KGZ"]
[Date "2013.06.10"]
[Round "4"]
[White "Antonova, Nadezhda"]
[Black "Nakhbaeva, Guliskhan"]
[Result "0-1"]
[WhiteElo "1929"]
[BlackElo "2339"]
[EventDate "2013.06.07"]
[PlyCount "62"]

1.d4 Nf6 2.c4 e6 3.Nc3 Bb4 4.e3 b6 5.Bd3 Bb7 6.Ne2 Bxg2 7.Rg1 Bf3 8.Rxg7 
Nc6 9.Qc2 e5 10.Ng1 exd4 11.Nxf3 dxc3 12.bxc3 Bf8 13.Rg3 Qe7 14.Nd4 O-O-O 
15.a4 Na5 16.e4 h6 17.f4 c5 18.Nb3 Nxb3 19.Qxb3 Nxe4 20.Bxe4 Qxe4+ 21.Re3 
Qh1+ 22.Kd2 Bd6 23.a5 Bxf4 24.axb6 Bxe3+ 25.Kc2 Qe4+ 26.Kb2 Bxc1+ 27.Kxc1 
axb6 28.Qxb6 Qc6 29.Qa7 Rhg8 30.Ra6 Rg1+ 31.Kd2 Qg2+ 0-1

[Event "zonal 3.4 (w)"]
[Site "Osh KGZ"]
[Date "2013.06.10"]
[Round "4"]
[White "Atabaeva, Ogulgerek"]
[Black "Mominova, Leyla"]
[Result "0-1"]
[WhiteElo "1994"]
[BlackElo "1923"]
[EventDate "2013.06.07"]
[PlyCount "94"]

1.e4 d6 2.d4 Nf6 3.Nc3 g6 4.Bg5 Bg7 5.e5 dxe5 6.dxe5 Nfd7 7.f4 O-O 8.Bc4 
Kh8 9.Nge2 Nc6 10.O-O f6 11.exf6 exf6 12.Bh4 Qe7 13.Kh1 Nb6 14.Bb5 Na5 15.
b3 a6 16.Bd3 Nc6 17.Qd2 Nb4 18.Be4 Rd8 19.Qe3 Nxc2 20.Qf3 Nxa1 21.Rxa1 c6 
22.Re1 Qb4 23.g4 Nd5 24.f5 g5 25.Bf2 Nxc3 26.Nxc3 Rd2 27.Re3 Qd6 28.Bg3 
Qf8 29.Bd3 Bd7 30.Ne4 Rxa2 31.Bd6 Qd8 32.Nc5 Ra1+ 33.Kg2 Ra2+ 34.Kh1 Ra1+ 
35.Kg2 Ra2+ 36.Kh1 Be8 37.Be7 Qc7 38.Be2 b6 39.Nd3 Bf7 40.Nb4 Ra1+ 41.Kg2 
Re8 42.Nxc6 Rc1 43.Bc4 Rc2+ 44.Kf1 Bxc4+ 45.bxc4 Rxc4 46.Re6 Rf4 47.Qxf4 
Qxf4+ 0-1

[Event "zonal 3.4 (w)"]
[Site "Osh KGZ"]
[Date "2013.06.10"]
[Round "4"]
[White "Nasriddinzoda, Marvorii"]
[Black "Shyngys Kyzy, Aijarkyn"]
[Result "1-0"]
[WhiteElo "2017"]
[BlackElo "1777"]
[EventDate "2013.06.07"]
[PlyCount "83"]

1.f4 g5 2.fxg5 h6 3.e4 hxg5 4.d4 g4 5.Nc3 Nf6 6.g3 Nc6 7.Bg2 d6 8.Nge2 e5 
9.d5 Ne7 10.Be3 Nh5 11.Qd3 f5 12.O-O-O Nf6 13.Kb1 fxe4 14.Nxe4 Nfxd5 15.
Bg5 c6 16.c4 Bh6 17.cxd5 Bxg5 18.Nxg5 Bf5 19.Be4 Nxd5 20.Bxf5 Qxg5 21.Be4 
O-O-O 22.Bxd5 cxd5 23.Qc2+ Kb8 24.Rxd5 Qe3 25.Nc3 Rhf8 26.Rhd1 Qb6 27.Ne4 
Rc8 28.Qe2 Rf3 29.Rxd6 Qc7 30.R6d2 Qh7 31.Rc2 Rcf8 32.Ng5 Qf5 33.Nxf3 gxf3
34.Qc4 a6 35.Qc7+ Ka7 36.Rd7 Rb8 37.Rf7 Qe4 38.a3 Qe1+ 39.Ka2 e4 40.Qc5+ 
Ka8 41.Qd5 Qe3 42.g4 1-0

[Event "zonal 3.4 (w)"]
[Site "Osh KGZ"]
[Date "2013.06.10"]
[Round "4"]
[White "Yalkanova, Merjen"]
[Black "Gevorgyan, Irina"]
[Result "0-1"]
[WhiteElo "1961"]
[BlackElo "2153"]
[EventDate "2013.06.07"]
[PlyCount "54"]

1.d4 d5 2.e3 Nf6 3.Nf3 c6 4.Bd3 Bg4 5.Nbd2 Nbd7 6.c4 e6 7.O-O Qc7 8.Qc2 
Bd6 9.c5 Be7 10.b4 O-O 11.Bb2 Bxf3 12.Nxf3 h6 13.Rae1 b6 14.e4 dxe4 15.
Bxe4 Nxe4 16.Rxe4 a5 17.a3 axb4 18.axb4 Nf6 19.Rh4 Ra2 20.Qb3 Rfa8 21.Ne5 
Nd5 22.Rg4 Bf6 23.Qc2 bxc5 24.bxc5 Bxe5 25.dxe5 Qb7 26.Qc1 Qxb2 27.Qxh6 
Qxe5 0-1

[Event "zonal 3.4 (w)"]
[Site "Osh KGZ"]
[Date "2013.06.11"]
[Round "5"]
[White "Kurbonboeva, Sarvinoz"]
[Black "Nasriddinzoda, Marvorii"]
[Result "1-0"]
[WhiteElo "2097"]
[BlackElo "2017"]
[EventDate "2013.06.07"]
[PlyCount "85"]

1.c4 b6 2.Nf3 Bb7 3.g3 e6 4.Bg2 Nf6 5.O-O Be7 6.d4 O-O 7.Re1 d6 8.Nc3 Ne4 
9.Qc2 Nxc3 10.Ng5 Bxg5 11.Bxb7 Nxe2+ 12.Rxe2 Nd7 13.Bxa8 Bxc1 14.Be4 Bg5 
15.Bxh7+ Kh8 16.Be4 Bf6 17.Rd1 g6 18.b4 a6 19.Re3 c5 20.dxc5 dxc5 21.bxc5 
bxc5 22.Rd6 Bd4 23.Ra3 Qe7 24.Rdxa6 Ne5 25.h3 Qf6 26.Ra8 Rxa8 27.Rxa8+ Kg7
28.Ra3 g5 29.Qe2 g4 30.h4 Qh6 31.Kg2 f5 32.Ra7+ Kf6 33.Bd5 f4 34.gxf4 Qxf4
35.Ra6 Kg6 36.Rxe6+ Kh5 37.Qc2 Nd3 38.Re2 Qf5 39.Kf1 g3 40.Be4 Qh3+ 41.Bg2
Qf5 42.Rd2 gxf2 43.Qxd3 1-0

[Event "zonal 3.4 (w)"]
[Site "Osh KGZ"]
[Date "2013.06.11"]
[Round "5"]
[White "Mominova, Leyla"]
[Black "Muminova, Nafisa"]
[Result "0-1"]
[WhiteElo "1923"]
[BlackElo "2321"]
[EventDate "2013.06.07"]
[PlyCount "72"]

1.e4 e5 2.Nf3 Nc6 3.Bb5 a6 4.Ba4 Nf6 5.O-O Be7 6.Bxc6 dxc6 7.Nxe5 Nxe4 8.
Re1 Nd6 9.Nc3 O-O 10.d3 Be6 11.Bf4 Nf5 12.Ne4 f6 13.Nf3 Bf7 14.Qd2 Bh5 15.
Qa5 b5 16.Bxc7 Qd7 17.Ned2 Rac8 18.Bb6 c5 19.a4 Rb8 20.axb5 axb5 21.Bc7 
Rb7 22.Bf4 g5 23.Bg3 g4 24.Nh4 Nd4 25.Qa2+ Bf7 26.Qb1 f5 27.f4 Qd8 28.c3 
Bxh4 29.cxd4 Qxd4+ 30.Kh1 Bxg3 31.hxg3 Rb6 32.Nf1 Rh6+ 33.Nh2 Qf2 34.Re7 
Qxg3 35.Qg1 Qxf4 36.g3 Bd5+ 0-1

[Event "zonal 3.4 (w)"]
[Site "Osh KGZ"]
[Date "2013.06.12"]
[Round "6"]
[White "Mominova, Leyla"]
[Black "Nakhbaeva, Guliskhan"]
[Result "0-1"]
[WhiteElo "1923"]
[BlackElo "2339"]
[EventDate "2013.06.07"]
[PlyCount "86"]

1.e4 e6 2.d4 d5 3.Nc3 Nf6 4.Bg5 Be7 5.exd5 exd5 6.Bd3 O-O 7.Nge2 c6 8.O-O 
Bg4 9.h3 Bh5 10.Qd2 Bg6 11.Nf4 Bxd3 12.Nxd3 Nbd7 13.Rfe1 Bd6 14.Bf4 Nb6 
15.Bxd6 Qxd6 16.Ne5 a6 17.Rad1 h6 18.Re3 Nfd7 19.Rg3 Nxe5 20.dxe5 Qxe5 21.
Re1 Qf6 22.Rf3 Qh4 23.Rf4 Qg5 24.Qd4 c5 25.Qe5 Qxe5 26.Rxe5 Rae8 27.Rff5 
d4 28.Ne4 c4 29.Nc5 f6 30.Re6 Rxe6 31.Nxe6 d3 32.cxd3 cxd3 33.Rf3 d2 34.
Rd3 Re8 35.Rxd2 Rxe6 36.f3 Kf7 37.Kf2 f5 38.b3 Kf6 39.Kg3 Rc6 40.h4 Na8 
41.Rd7 Nc7 42.Kf4 b5 43.Kg3 Ne6 0-1

[Event "zonal 3.4 (w)"]
[Site "Osh KGZ"]
[Date "2013.06.12"]
[Round "6"]
[White "Nasriddinzoda, Marvorii"]
[Black "Yalkanova, Merjen"]
[Result "0-1"]
[WhiteElo "2017"]
[BlackElo "1961"]
[EventDate "2013.06.07"]
[PlyCount "138"]

1.d4 d5 2.Nf3 Nf6 3.Bg5 e6 4.e3 Be7 5.Bd3 b6 6.O-O Bb7 7.Nbd2 O-O 8.Ne5 
Nbd7 9.Bxf6 Nxf6 10.c3 c5 11.Kh1 Ne4 12.f3 Nxd2 13.Qxd2 f6 14.Ng4 f5 15.
Ne5 Bd6 16.f4 Bxe5 17.fxe5 Qg5 18.Rf3 cxd4 19.cxd4 Rac8 20.Raf1 Rf7 21.Rf4
Qh6 22.g4 g6 23.Qg2 Kh8 24.a3 Rfc7 25.Qd2 fxg4 26.Rxg4 Ba6 27.Rg2 Bxd3 28.
Qxd3 Rc1 29.Rf2 Qh4 30.Kg1 Qg4+ 31.Kh1 Kg8 32.Qd2 Qe4+ 33.Kg1 R8c2 34.Qxc1
Rxc1 35.Rxc1 Qxe3 36.Rd1 h5 37.Kf1 Kg7 38.Rdd2 h4 39.Rfe2 Qh3+ 40.Ke1 Qg4 
41.Kd1 g5 42.Kc2 Qf5+ 43.Kc3 Qf8 44.Kb3 Kg6 45.Rf2 Qe8 46.a4 a5 47.Rc2 Qe7
48.Kc3 Qb4+ 49.Kd3 Qb3+ 50.Rc3 Qd1+ 51.Ke3 Qe1+ 52.Re2 Qg1+ 53.Kd3 Kf5 54.
Rcc2 Qd1+ 55.Ke3 g4 56.Rc8 Qb3+ 57.Kf2 g3+ 58.hxg3 hxg3+ 59.Ke1 Qb4+ 60.
Kf1 Kf4 61.Rc7 Qf8 62.Kg2 Kg4 63.Kg1 Kf3 64.Re1 Qh6 65.Rf7+ Kg4 66.Re2 Kh3
67.Re1 Qd2 68.Rh7+ Kg4 69.Rg7+ Kh5 0-1

[Event "zonal 3.4 (w)"]
[Site "Osh KGZ"]
[Date "2013.06.12"]
[Round "6"]
[White "Shyngys Kyzy, Aijarkyn"]
[Black "Atabaeva, Ogulgerek"]
[Result "1-0"]
[WhiteElo "1777"]
[BlackElo "1994"]
[EventDate "2013.06.07"]
[PlyCount "69"]

1.d4 Nf6 2.c4 c5 3.dxc5 Qa5+ 4.Nc3 Qxc5 5.b3 g6 6.Bb2 Bg7 7.e3 Qa5 8.Bd3 
Ne4 9.Bxe4 Bxc3+ 10.Bxc3 Qxc3+ 11.Kf1 f5 12.Ne2 Qf6 13.Bf3 Nc6 14.Nf4 e6 
15.Rc1 O-O 16.h4 Ne5 17.Qd6 Nf7 18.Qd2 d6 19.Rd1 Rb8 20.g4 b6 21.g5 Qe7 
22.h5 Ne5 23.Bg2 Rd8 24.hxg6 hxg6 25.Ke2 Qxg5 26.Rdg1 Qf6 27.Rh6 Qg7 28.
Rgh1 a6 29.Qd4 b5 30.cxb5 axb5 31.Rh8+ Qxh8 32.Rxh8+ Kxh8 33.Nxg6+ Kg8 34.
Nxe5 dxe5 35.Qxd8+ 1-0

[Event "zonal 3.4 (w)"]
[Site "Osh KGZ"]
[Date "2013.06.13"]
[Round "7"]
[White "Antonova, Nadezhda"]
[Black "Gevorgyan, Irina"]
[Result "0-1"]
[WhiteElo "1929"]
[BlackElo "2153"]
[EventDate "2013.06.07"]
[PlyCount "76"]

1.d4 d5 2.Nf3 c6 3.c4 e6 4.Nc3 Nf6 5.cxd5 exd5 6.Bg5 Be7 7.e3 Bf5 8.Qb3 
Qb6 9.Qxb6 axb6 10.Be2 b5 11.O-O b4 12.Nb1 Nbd7 13.Nbd2 h6 14.Bf4 O-O 15.
h3 Ra7 16.Bd1 Rfa8 17.Bb3 Nb6 18.g4 Bd3 19.Rfe1 Na4 20.e4 Bxe4 21.Nxe4 
Nxe4 22.Ne5 Ng5 23.Kh2 Bd6 24.Kg2 Ne6 25.Be3 g5 26.Re2 Nb6 27.Rc1 Bxe5 28.
dxe5 Ra6 29.Rd2 Nd7 30.Bd4 c5 31.Bxd5 Nf4+ 32.Kg3 Nxd5 33.Bxc5 Nxc5 34.
Rxc5 Nf4 35.Rd7 Rxa2 36.h4 Rxb2 37.hxg5 hxg5 38.Rcc7 Ra3+ 0-1

[Event "zonal 3.4 (w)"]
[Site "Osh KGZ"]
[Date "2013.06.13"]
[Round "7"]
[White "Kurbonboeva, Sarvinoz"]
[Black "Mominova, Leyla"]
[Result "1-0"]
[WhiteElo "2097"]
[BlackElo "1923"]
[EventDate "2013.06.07"]
[PlyCount "73"]

1.Nf3 Nf6 2.c4 g6 3.Nc3 Bg7 4.g3 O-O 5.Bg2 d6 6.O-O Nc6 7.Rb1 Bf5 8.d3 a5 
9.a3 e5 10.Nd2 Qd7 11.Re1 Bh3 12.Bh1 Kh8 13.b4 axb4 14.axb4 Nh5 15.b5 Nd8 
16.Nd5 f5 17.Bb2 f4 18.Ne4 Ne6 19.e3 fxg3 20.hxg3 Nd8 21.d4 Nf7 22.Bf3 Qf5
23.g4 Bxg4 24.Bxg4 Qxe4 25.f3 Qxb1 26.Qxb1 Nf6 27.Nxc7 Ra4 28.Ne6 Rfa8 29.
Nxg7 Kxg7 30.Qc2 Ra2 31.Qb3 e4 32.Rf1 h5 33.Bh3 exf3 34.d5 Ng5 35.Kh2 Kh6 
36.Qc3 Nfe4 37.Qg7# 1-0

[Event "zonal 3.4 (w)"]
[Site "Osh KGZ"]
[Date "2013.06.13"]
[Round "7"]
[White "Yalkanova, Merjen"]
[Black "Muminova, Nafisa"]
[Result "1-0"]
[WhiteElo "1961"]
[BlackElo "2321"]
[EventDate "2013.06.07"]
[PlyCount "75"]

1.d4 Nf6 2.e3 d5 3.Nf3 c5 4.b3 Nc6 5.Bb2 cxd4 6.exd4 Bg4 7.Be2 e6 8.a3 Be7
9.Nbd2 O-O 10.O-O Rc8 11.Rc1 Re8 12.Ne5 Bxe2 13.Qxe2 Qb6 14.Qd3 Nxe5 15.
dxe5 Nd7 16.c4 Nc5 17.Qg3 dxc4 18.Rxc4 Rcd8 19.Bd4 Rd5 20.Bxc5 Bxc5 21.Rg4
g6 22.Ne4 Be7 23.Nf6+ Bxf6 24.exf6 Qd8 25.Qh4 Rf5 26.Rf4 Rh5 27.Qg3 e5 28.
Rf3 Re6 29.Qg4 b6 30.Rc1 h6 31.h3 Rg5 32.Qh4 Kh7 33.Qc4 e4 34.Rf4 Qd2 35.
Qc7 Kg8 36.Qb8+ Kh7 37.Rc8 Qxf4 38.Rh8# 1-0

[Event "zonal 3.4 (w)"]
[Site "Osh KGZ"]
[Date "2013.06.14"]
[Round "8"]
[White "Gevorgyan, Irina"]
[Black "Velieva, Hurma"]
[Result "1/2-1/2"]
[WhiteElo "2153"]
[BlackElo "1995"]
[EventDate "2013.06.07"]
[PlyCount "79"]

1.Nf3 Nf6 2.c4 g6 3.Nc3 Bg7 4.d4 d6 5.g3 O-O 6.Bg2 Nc6 7.O-O e5 8.d5 Ne7 
9.e4 Nd7 10.Rb1 a5 11.a3 f5 12.Ng5 Nf6 13.b4 h6 14.Ne6 Bxe6 15.dxe6 c6 16.
Qb3 a4 17.Qa2 Nxe4 18.Nxe4 fxe4 19.Bxe4 Qc8 20.b5 Qxe6 21.bxc6 bxc6 22.Rb6
Rfc8 23.Rd1 Kh7 24.h4 Qg4 25.Re1 Rab8 26.Rxb8 Rxb8 27.Kh2 Nf5 28.Qe2 Qxe2 
29.Rxe2 Nd4 30.Rb2 Rxb2 31.Bxb2 d5 32.cxd5 cxd5 33.Bxd5 Bf8 34.Be4 Kg7 35.
f4 Bd6 36.Kg2 Kf6 37.fxe5+ Bxe5 38.Bxd4 Bxd4 39.Bc2 Bc5 40.Bxa4 1/2-1/2

[Event "zonal 3.4 (w)"]
[Site "Osh KGZ"]
[Date "2013.06.14"]
[Round "8"]
[White "Kurbonboeva, Sarvinoz"]
[Black "Antonova, Nadezhda"]
[Result "1-0"]
[WhiteElo "2097"]
[BlackElo "1929"]
[EventDate "2013.06.07"]
[PlyCount "65"]

1.c4 Nf6 2.Nf3 g6 3.Nc3 Bg7 4.g3 O-O 5.Bg2 d6 6.O-O Nc6 7.d3 h6 8.Rb1 a5 
9.a3 e5 10.b4 axb4 11.axb4 Be6 12.b5 Ne7 13.Bb2 Qc8 14.Re1 Bh3 15.Bh1 Nd7 
16.Ra1 Rb8 17.Qc2 Nc5 18.Na4 b6 19.Nxc5 bxc5 20.Ra7 Qd7 21.Bc3 Nc8 22.Ra6 
f5 23.e3 Qf7 24.Ng5 Qd7 25.Bc6 Qxc6 26.Rxc6 hxg5 27.Rxc7 f4 28.exf4 gxf4 
29.Qe2 Rf5 30.Qe4 Nb6 31.Rb7 Rxb7 32.Qxb7 Na4 33.Qa8+ 1-0

[Event "zonal 3.4 (w)"]
[Site "Osh KGZ"]
[Date "2013.06.14"]
[Round "8"]
[White "Shyngys Kyzy, Aijarkyn"]
[Black "Mominova, Leyla"]
[Result "0-1"]
[WhiteElo "1777"]
[BlackElo "1923"]
[EventDate "2013.06.07"]
[PlyCount "56"]

1.b4 Nf6 2.Bb2 e6 3.a3 b6 4.Nf3 Bb7 5.e3 Be7 6.Be2 O-O 7.c4 d5 8.cxd5 Nxd5
9.Qc2 Nd7 10.O-O c5 11.b5 Bf6 12.Nc3 Rc8 13.Rac1 Qc7 14.Rfd1 Rfd8 15.Qa4 
Ne7 16.Qg4 Ne5 17.Nxe5 Qxe5 18.d4 cxd4 19.exd4 Rxd4 20.Rxd4 Qxd4 21.Rd1 
Qxg4 22.Bxg4 h5 23.Bxh5 Bxc3 24.Bxc3 Rxc3 25.Rd8+ Kh7 26.h3 Rc7 27.Bxf7 
Bd5 28.Rd6 Nf5 0-1

[Event "zonal 3.4 (w)"]
[Site "Osh KGZ"]
[Date "2013.06.14"]
[Round "8"]
[White "Yalkanova, Merjen"]
[Black "Nakhbaeva, Guliskhan"]
[Result "0-1"]
[WhiteElo "1961"]
[BlackElo "2339"]
[EventDate "2013.06.07"]
[PlyCount "86"]

1.d4 Nf6 2.e3 e6 3.Nf3 b6 4.Bd3 Bb7 5.b3 d5 6.Bb2 Bd6 7.Nbd2 O-O 8.O-O 
Nbd7 9.c4 Qe7 10.Ne5 Ne4 11.Rc1 a6 12.Bxe4 dxe4 13.Nxd7 Qxd7 14.c5 Be7 15.
Qc2 bxc5 16.dxc5 Qc6 17.Nc4 Qxc5 18.Ba3 Qg5 19.Bxe7 Qxe7 20.Na5 Bd5 21.
Qxc7 Qg5 22.Rfd1 h6 23.Nc6 Kh8 24.Ne7 Rae8 25.Nxd5 exd5 26.Qd6 Rd8 27.Qxa6
f5 28.Qe2 f4 29.exf4 Rxf4 30.Rc5 Rf5 31.Qd2 Qg4 32.Rf1 Rd6 33.Rc3 d4 34.h3
Qh4 35.Rc8+ Kh7 36.Qb4 Qf4 37.Rc5 Rff6 38.Qb5 d3 39.Rd5 Ra6 40.a4 Rac6 41.
Rc5 Rb6 42.Qc4 Rg6 43.Kh1 Rxg2 0-1

[Event "zonal 3.4 (w)"]
[Site "Osh KGZ"]
[Date "2013.06.15"]
[Round "9"]
[White "Antonova, Nadezhda"]
[Black "Yalkanova, Merjen"]
[Result "1-0"]
[WhiteElo "1929"]
[BlackElo "1961"]
[EventDate "2013.06.07"]
[PlyCount "67"]

1.f4 d5 2.b3 e6 3.Nf3 b6 4.Bb2 Bb7 5.e3 Nf6 6.Be2 Bd6 7.O-O Nbd7 8.Ne5 O-O
9.Qe1 c5 10.d3 Bc7 11.Nd2 Nxe5 12.fxe5 Nd7 13.d4 Qg5 14.Rf3 cxd4 15.Rg3 
Qh6 16.exd4 f6 17.Bd3 g6 18.Rh3 Qg7 19.exf6 Rxf6 20.Nf3 Re8 21.Qe2 Bf4 22.
a4 a5 23.Bb5 Bc8 24.c4 Qf8 25.Re1 g5 26.Nxg5 Bxg5 27.Qh5 h6 28.cxd5 Rf2 
29.Qg6+ Kh8 30.Qxg5 Nf6 31.Rxh6+ Nh7 32.Rxh7+ Kxh7 33.Qh4+ Kg6 34.Bxe8+ 
1-0